<?xml version="1.0" encoding="UTF-8"?>
<collection xmlns="http://www.loc.gov/MARC21/slim">
 <record>
  <leader>01284nam a2200169Ia 4500</leader>
  <controlfield tag="001">CTU_23042</controlfield>
  <controlfield tag="008">210402s9999    xx            000 0 und d</controlfield>
  <datafield tag="082" ind1=" " ind2=" ">
   <subfield code="a">346.597063</subfield>
  </datafield>
  <datafield tag="082" ind1=" " ind2=" ">
   <subfield code="b">Qu600</subfield>
  </datafield>
  <datafield tag="245" ind1=" " ind2="0">
   <subfield code="a">Luật pháp trong kế toán và thống kê</subfield>
  </datafield>
  <datafield tag="245" ind1=" " ind2="0">
   <subfield code="b">Những quy định sửa đổi và bổ sung hệ thống kế toán doanh nghiệp</subfield>
  </datafield>
  <datafield tag="260" ind1=" " ind2=" ">
   <subfield code="a">Hà Nội</subfield>
  </datafield>
  <datafield tag="260" ind1=" " ind2=" ">
   <subfield code="b">Thống Kê</subfield>
  </datafield>
  <datafield tag="260" ind1=" " ind2=" ">
   <subfield code="c">1998</subfield>
  </datafield>
  <datafield tag="520" ind1=" " ind2=" ">
   <subfield code="a">Sách cung cấp những văn bản pháp lý cơ sở bằng cách hệ thống hóa các văn bản pháp luật trong lĩnh vực kế toán thống kê đang còn hiệu lực hiện hành, nhất là hệ thống tài khoản kế toán doanh nghiệp như: Pháp lệnh kế toán và thống kê; Điều lệ tổ chức Kế toán Nhà nước; Điều lệ kế toán trưởng XNQD; Thông tư số 10/CĐKT ngày 20-3-1997 sửa đổi bổ sung hệ thống kế toán doanh nghiệp (sửa đổi bổ sung quyết định 1141/QĐ/CĐKT ngày 1-11-1995)</subfield>
  </datafield>
  <datafield tag="650" ind1=" " ind2=" ">
   <subfield code="a">accounting - law and legislation,civil law,commercial law</subfield>
  </datafield>
  <datafield tag="980" ind1=" " ind2=" ">
   <subfield code="a">Trung tâm Học liệu Trường Đại học Cần Thơ</subfield>
  </datafield>
 </record>
</collection>
